Cities of Spain - Satellite - Statistics

General Stats
  • This quiz has been taken 29 times
  • The average score is 13 of 28
Answer Stats
Picture Answer % Correct
Madrid
100%
Barcelona
96%
Bilbao
68%
Malaga
64%
Cadiz
60%
Valencia
60%
Alicante
56%
Seville
52%
Zaragoza
52%
Donostia-San Sebastian
48%
Las Palmas
48%
Palma
48%
A Coruna
44%
Ceuta
44%
Almeria
40%
Gijon
40%
Melilla
40%
Santa Cruz de Tenerife
40%
Santander
40%
Vigo
40%
Cartagena
36%
Pamplona
36%
Algeciras
32%
Huelva
32%
Arrecife
24%
Ibiza
24%
Hondarribia
20%
Mao
20%
No matching quizzes found
Score Distribution
Percent of People with Each Score
Percentile by Number Answered
Your Score History
You have not taken this quiz